000 00696nam a2200289Ia 4500
005 20260324124712.0
008 008 260324s9999 xx 000 0 eng d
020 _a9781315589862
037 _aEBOOK
040 _aCRL
040 _beng
040 _cCRL
041 _2eng
041 _aeng
084 _qCRL
100 _aZachary C. Shirkey
_91170381
245 0 _aIs This a Private Fight or Can Anybody Join?
245 4 _bThe Spread of Interstate War
260 _bTaylor and Francis
260 _c2010
365 _a
365 _b230
856 _uhttp://www.taylorfrancis.com/books/9781315589862
942 _cEBOOK
999 _c1769778
_d1769778